Normal view
MARC view
- Arshad
Entry Personal Name
001 - CONTROL NUMBER
- control field: 48002
003 - CONTROL NUMBER IDENTIFIER
- control field: NUST
005 - DATE AND TIME OF LATEST TRANSACTION
- control field: 20210314133941.0
008 - FIXED-LENGTH DATA ELEMENTS
- fixed length control field: 210314|| aca||aabn | a|a d
040 ## - CATALOGING SOURCE
- Original cataloging agency: NUST
- Transcribing agency: NUST
100 ## - HEADING--PERSONAL NAME
- Personal name: Arshad
670 ## - SOURCE DATA FOUND
- Source citation: Work cat.: (NUST): Arshad., Computer aided design of composite deck bridge (superstructure), 23-04-2003.
